| 000 | 01573nam a2200349 i 4500 | ||
|---|---|---|---|
| 003 | DO-SdBNP | ||
| 005 | 20250603141732.0 | ||
| 007 | ta | ||
| 008 | 250603b2024 dr a|||| |||| 00| 0 spa d | ||
| 020 | _a9789945186680 | ||
| 040 |
_aDO-SdBNP _bspa _cBNPHU _erda |
||
| 041 | _aspa | ||
| 082 | 4 |
_axxx _bP147c _222 |
|
| 100 | 1 |
_aPaíno Perdomo, Omar _910883 |
|
| 245 | 1 | 0 |
_aCollect : _btécnicas de colectar hongos / _cOmar Paíno Perdomo, Elí M. Bobadilla Peñaló ; corrección de estilo, María Elena Córdoba ; prólogo, Adriana Bueno ; diagramación, Amado Santana ; ilustraciones portada, Daniel Ortega. |
| 264 |
_aSanto Domingo, República Dominicana : _bEditora Búho, _c2024. |
||
| 300 |
_a123 páginas : _bilustraciones ; _c22 cm. |
||
| 336 |
_atexto _btxt _2rdacontent |
||
| 337 |
_asin mediación _bn _2rdamedia |
||
| 338 |
_avolumen _bnc _2rdacarrier |
||
| 500 | _aIncluye datos biográficos de los autores en la solapas | ||
| 504 | _aBibliografía: páginas 111-123 | ||
| 505 | _aPrólogo. -- Presentación. -- Abreviaturas. -- Símbolos. -- Introducción. -- Generalidades de los hongos. -- Viajes al campo. -- Colecta de especímenes. -- Glosario. -- Literatura citada y consulta. | ||
| 590 | _aInventariado, 2025 /LP | ||
| 700 | 1 |
_aBobadilla Peñaló, Elí M. _eautor _4aut. _987968 |
|
| 700 | 1 |
_aCórdoba, María Elena _ecorrector _4co. _987969 |
|
| 700 | 1 |
_aBueno, Adriana _eprologuista _4pr. _987970 |
|
| 700 | 1 |
_aSantana, Amado, _ediagramador _4diag. _97207 |
|
| 700 | 1 |
_aOrtega, Daniel _eilustrador _4il. _975144 |
|
| 910 | _aLP | ||
| 942 |
_2ddc _cLBS1 |
||
| 999 |
_c58671 _d58671 |
||